000 00819cam a2200265 a 4500
999 _c5766
_d5766
001 18240
003 BD-DhUAP
005 20201221102614.0
008 201221r20122010ii abf b f000 0 eng
020 _a9781259028526
020 _a1259028526
040 _aBD-DhUAP
_cBD-DhUAP
_dBD-DhUAP
_bEng
082 _a658.1511 GAR
_223
100 _aGarrison, Ray H.
245 _aManagerial accounting /
_cRay H. Garrison, Eric W. Noreen and Peter C. Brewer.
250 _a13th ed.
260 _aNew Delhi :
_bTata McGraw Hill,
_cc2010 [Reprinted 2012].
300 _axxvii, 804 pages :
_billustrations ;
_c28 cm.
500 _aIncludes index.
650 _aManagerial accounting.
700 _aNoreen, Eric W.
700 _aBrewer, Peter C.
942 _2ddc
_cBK